[Event "HUN-chT2 Maroczy 1314"]
[Site "Hungary"]
[Date "2014.02.02"]
[Round "6"]
[White "Csikos, Mihaly"]
[Black "Waldmann, Ivan"]
[Result "1-0"]
[WhiteElo "2037"]
[BlackElo "2146"]
[PlyCount "49"]
[EventDate "2013.09.08"]
[EventType "team-tourn"]
[EventRounds "11"]
[EventCountry "HUN"]
[SourceTitle "EXT 2016"]
[Source "ChessBase"]
[SourceDate "2015.10.08"]
[SourceVersion "1"]
[SourceVersionDate "2015.10.08"]
[SourceQuality "1"]
[WhiteTeam "Mako II"]
[BlackTeam "Budapest MLTC II"]
[WhiteTeamCountry "HUN"]
[BlackTeamCountry "HUN"]

1. e4 c5 2. c3 d5 3. exd5 Qxd5 4. d4 e6 5. Be3 cxd4 6. cxd4 Nf6 7. Nf3 Be7 8. Nc3 Qd8 9. Bd3 0-0 10. 0-0 b6 11. Rc1 Bb7 12. Ne5 Nbd7 13. Qc2 Rc8 14. Rfd1 Qc7 15. f4 g6 16. Qe2 Qb8 17. Bf2 Rfe8 18. Bb5 Red8 19. Nxd7 Nxd7 20. d5 Nf8 21. dxe6 Nxe6 22. f5 gxf5 23. Bd7 Bg5 24. Bxe6 Re8 25. Bxf7+ 1-0

[Event "HUN-chT2 Charousek 1213"]
[Site "Hungary"]
[Date "2013.01.27"]
[Round "6"]
[White "Vucko, Jozsef"]
[Black "Waldmann, Ivan"]
[Result "1/2-1/2"]
[WhiteElo "2039"]
[BlackElo "2176"]
[PlyCount "32"]
[EventDate "2012.09.16"]
[EventType "team-tourn"]
[EventRounds "11"]
[EventCountry "HUN"]
[SourceTitle "EXT 2014"]
[Source "ChessBase"]
[SourceDate "2013.11.20"]
[SourceVersion "1"]
[SourceVersionDate "2013.11.20"]
[SourceQuality "1"]
[WhiteTeam "Alsoszolnok"]
[BlackTeam "MLTC II"]
[WhiteTeamCountry "HUN"]
[BlackTeamCountry "HUN"]

1. c4 g6 2. Nc3 Bg7 3. d4 Nf6 4. e4 d6 5. f4 0-0 6. Nf3 c5 7. d5 e6 8. Bd3 exd5 9. cxd5 Re8 10. 0-0 Bg4 11. h3 Bxf3 12. Qxf3 Nbd7 13. Be3 a6 14. a4 Qa5 15. Bf2 Rac8 16. Kh1 c4 1/2-1/2

[Event "HUN-chT2 Charousek 1112"]
[Site "Hungary"]
[Date "2012.03.25"]
[Round "8"]
[White "Mester, Attila"]
[Black "Waldmann, Ivan"]
[Result "1-0"]
[WhiteElo "2122"]
[BlackElo "2208"]
[PlyCount "45"]
[EventDate "2011.09.25"]
[EventType "team-tourn"]
[EventRounds "11"]
[EventCountry "HUN"]
[SourceTitle "EXT 2013"]
[Source "ChessBase"]
[SourceDate "2012.11.22"]
[SourceVersion "1"]
[SourceVersionDate "2012.11.22"]
[SourceQuality "1"]
[WhiteTeam "Penzugyor II"]
[BlackTeam "MLTC II"]
[WhiteTeamCountry "HUN"]
[BlackTeamCountry "HUN"]

1. e4 c5 2. Nf3 e6 3. d4 cxd4 4. Nxd4 a6 5. Nc3 Qc7 6. g3 b5 7. Bg2 Bb7 8. 0-0 Nf6 9. Re1 d6 10. Bg5 Nbd7 11. a4 bxa4 12. Nd5 Nxd5 13. exd5 e5 14. Nc6 Bxc6 15. dxc6 Nc5 16. Be3 Rb8 17. Bxc5 dxc5 18. Rxe5+ Be7 19. Qe2 Kf8 20. Re1 Re8 21. Qxa6 f6 22. R5e2 g6 23. Qb7 1-0

[Event "HUN-chT 1112"]
[Site "Hungary"]
[Date "2011.11.13"]
[Round "3"]
[White "Waldmann, Ivan"]
[Black "Domany, Zsofia"]
[Result "1/2-1/2"]
[WhiteElo "2208"]
[BlackElo "2215"]
[PlyCount "31"]
[EventDate "2011.09.25"]
[EventType "team-tourn"]
[EventRounds "11"]
[EventCountry "HUN"]
[SourceTitle "EXT 2012"]
[Source "ChessBase"]
[SourceDate "2011.11.24"]
[SourceVersion "1"]
[SourceVersionDate "2011.11.24"]
[SourceQuality "1"]
[WhiteTeam "MLTC"]
[BlackTeam "Mako"]
[WhiteTeamCountry "HUN"]
[BlackTeamCountry "HUN"]

1. e4 c5 2. Nf3 e6 3. d4 cxd4 4. Nxd4 Nf6 5. Nc3 Nc6 6. Ndb5 Bb4 7. a3 Bxc3+ 8. Nxc3 d5 9. exd5 exd5 10. Bd3 0-0 11. 0-0 d4 12. Ne2 Re8 13. Bg5 h6 14. Bh4 g5 15. Bg3 Ne4 16. f3 1/2-1/2

[Event "HUN-chT2 Maroczy 1011"]
[Site "Hungary"]
[Date "2010.09.12"]
[Round "1"]
[White "Waldmann, Ivan"]
[Black "Barcsi, Judit"]
[Result "1-0"]
[WhiteElo "2208"]
[BlackElo "2073"]
[PlyCount "47"]
[EventDate "2010.09.12"]
[EventType "team-tourn"]
[EventRounds "11"]
[EventCountry "HUN"]
[SourceTitle "EXT 2012"]
[Source "ChessBase"]
[SourceDate "2011.11.24"]
[SourceVersion "1"]
[SourceVersionDate "2011.11.24"]
[SourceQuality "1"]
[WhiteTeam "MLTC II"]
[BlackTeam "Maroczy"]
[WhiteTeamCountry "HUN"]
[BlackTeamCountry "HUN"]

1. e4 c5 2. Nf3 d6 3. d4 cxd4 4. Nxd4 Nf6 5. Nc3 a6 6. Bc4 e6 7. Bb3 Nc6 8. Be3 Be7 9. Qe2 Qc7 10. 0-0-0 b5 11. Rhg1 0-0 12. g4 b4 13. Na4 Nxe4 14. Nxe6 fxe6 15. Bb6 Qb8 16. Qxe4 d5 17. Bxd5 exd5 18. Qxd5+ Kh8 19. Qxc6 Bb7 20. Qd7 Bg5+ 21. Be3 Bh4 22. Nb6 Bc8 23. Qd4 Bf6 24. Qc5 1-0

[Event "HUN-chT2 Maroczy 0910"]
[Site "Hungary"]
[Date "2010.04.11"]
[Round "9"]
[White "Pap, Peter"]
[Black "Waldmann, Ivan"]
[Result "1/2-1/2"]
[WhiteElo "2125"]
[BlackElo "2216"]
[PlyCount "64"]
[EventDate "2009.11.08"]
[EventType "team-tourn"]
[EventRounds "11"]
[EventCountry "HUN"]
[SourceTitle "EXT 2011"]
[Source "ChessBase"]
[SourceDate "2010.11.26"]
[SourceVersion "1"]
[SourceVersionDate "2010.11.26"]
[SourceQuality "1"]
[WhiteTeam "Maroczy"]
[BlackTeam "MLTC II"]
[WhiteTeamCountry "HUN"]
[BlackTeamCountry "HUN"]

1. e4 c5 2. Nf3 e6 3. d4 cxd4 4. Nxd4 a6 5. Nc3 Qc7 6. Be3 d6 7. Qd2 Nf6 8. f3 b5 9. g4 Bb7 10. 0-0-0 Be7 11. Kb1 Nc6 12. Nxc6 Bxc6 13. Ne2 Nd7 14. Nd4 Bb7 15. Bg5 Bxg5 16. Qxg5 0-0 17. h4 Rac8 18. Bd3 Qc5 19. Nb3 Qxg5 20. hxg5 Rfd8 21. f4 Nc5 22. Rhe1 d5 23. Nxc5 Rxc5 24. e5 d4 25. Be4 Bd5 26. b3 Bxe4 27. Rxe4 Rcd5 28. Rd3 h6 29. gxh6 gxh6 30. Re2 Kg7 31. Rh2 R8d7 32. a3 a5 1/2-1/2

[Event "HUN-chT2 Maroczy 0910"]
[Site "Hungary"]
[Date "2010.02.14"]
[Round "6"]
[White "Waldmann, Ivan"]
[Black "Monus, Zoltan"]
[Result "1-0"]
[WhiteElo "2216"]
[BlackElo "2097"]
[PlyCount "47"]
[EventDate "2009.11.08"]
[EventType "team-tourn"]
[EventRounds "11"]
[EventCountry "HUN"]
[SourceTitle "EXT 2011"]
[Source "ChessBase"]
[SourceDate "2010.11.26"]
[SourceVersion "1"]
[SourceVersionDate "2010.11.26"]
[SourceQuality "1"]
[WhiteTeam "MLTC II"]
[BlackTeam "Oroshaza"]
[WhiteTeamCountry "HUN"]
[BlackTeamCountry "HUN"]

1. e4 e6 2. d4 d5 3. Nd2 Nf6 4. e5 Nfd7 5. Bd3 c5 6. c3 Nc6 7. Ne2 cxd4 8. cxd4 Nb6 9. 0-0 Bd7 10. f4 g6 11. Nf3 Rc8 12. Nc3 Na5 13. Qe2 Nbc4 14. b3 Bb4 15. Nd1 Na3 16. Ne3 h5 17. Bb2 Qb6 18. Rac1 0-0 19. f5 Bb5 20. Rxc8 Rxc8 21. Bxa3 Bxd3 22. Qxd3 Bxa3 23. fxg6 Rc1 24. Ng5 1-0

[Event "HUN-chT2 Maroczy 0910"]
[Site "Hungary"]
[Date "2009.11.22"]
[Round "2"]
[White "Waldmann, Ivan"]
[Black "Vasvari, Tamas"]
[Result "1/2-1/2"]
[WhiteElo "2216"]
[BlackElo "2157"]
[PlyCount "65"]
[EventDate "2009.11.08"]
[EventType "team-tourn"]
[EventRounds "11"]
[EventCountry "HUN"]
[SourceTitle "EXT 2011"]
[Source "ChessBase"]
[SourceDate "2010.11.26"]
[SourceVersion "1"]
[SourceVersionDate "2010.11.26"]
[SourceQuality "1"]
[WhiteTeam "MLTC II"]
[BlackTeam "Nyiregyhaza"]
[WhiteTeamCountry "HUN"]
[BlackTeamCountry "HUN"]

1. e4 c5 2. Nf3 Nc6 3. Nc3 Nf6 4. d4 cxd4 5. Nxd4 d6 6. Bc4 e6 7. Be3 Be7 8. Qe2 a6 9. 0-0-0 Qc7 10. Bb3 Na5 11. g4 Nxb3+ 12. axb3 b5 13. g5 Nd7 14. Kb1 Bb7 15. f3 g6 16. Qd2 Nb6 17. Ndxb5 axb5 18. Qd4 Kd7 19. Qxb6 Qxb6 20. Bxb6 b4 21. Na4 Kc6 22. Be3 Ra5 23. h4 Ba6 24. f4 Bb5 25. Nb6 Be2 26. Rde1 Bb5 27. Nc4 Ra6 28. Kc1 Rd8 29. Rd1 Bf8 30. c3 bxc3 31. bxc3 Bxc4 32. bxc4 Ra4 33. Kc2 1/2-1/2

[Event "HUN-chT2 Erkel 0708"]
[Site "Hungary"]
[Date "2007.11.11"]
[Round "2"]
[White "Waldmann, Ivan"]
[Black "Matuska, Miklos"]
[Result "1-0"]
[WhiteElo "2239"]
[BlackElo "2009"]
[PlyCount "81"]
[EventDate "2007.10.14"]
[EventType "team-tourn"]
[EventRounds "11"]
[EventCountry "HUN"]
[SourceTitle "EXT 2009"]
[Source "ChessBase"]
[SourceDate "2008.11.26"]
[SourceVersion "1"]
[SourceVersionDate "2008.11.26"]
[SourceQuality "1"]
[WhiteTeam "Statisztika II"]
[BlackTeam "Foti"]
[WhiteTeamCountry "HUN"]
[BlackTeamCountry "HUN"]

1. e4 c5 2. Nf3 d6 3. d4 cxd4 4. Nxd4 Nf6 5. Nc3 a6 6. Bc4 e6 7. Bb3 Qc7 8. Be3 Nc6 9. Qe2 Na5 10. 0-0-0 Be7 11. g4 Nxb3+ 12. axb3 b5 13. g5 Nd7 14. Rhg1 Bb7 15. f3 b4 16. Na4 Nc5 17. Kb1 Qa5 18. h4 Nxa4 19. bxa4 Qxa4 20. h5 g6 21. Rh1 0-0-0 22. hxg6 hxg6 23. Rh6 Kb8 24. Rdh1 Rhg8 25. Rh7 Qe8 26. Nb3 Bf8 27. Qd2 d5 28. Qd4 Qd7 29. Qa7+ Kc8 30. Bf4 Bd6 31. Bxd6 Qxd6 32. Rxf7 Rd7 33. Rhh7 Rgd8 34. Nc5 Bc6 35. Qxa6+ Kc7 36. Nxd7 Bxd7 37. Qa5+ Kc8 38. e5 Qxe5 39. Qa8+ Qb8 40. Qxb8+ Kxb8 41. Rxd7 1-0

[Event "HUN-chT2 Maroczy 0203"]
[Site "Hungary"]
[Date "2003.04.13"]
[Round "11.10"]
[White "Waldmann, Ivan"]
[Black "Bakos, Levente"]
[Result "1-0"]
[WhiteElo "2245"]
[BlackElo "1902"]
[PlyCount "65"]
[EventDate "2002.09.22"]
[EventType "team-tourn"]
[EventRounds "11"]
[EventCountry "HUN"]
[SourceTitle "EXT 2004"]
[Source "ChessBase"]
[SourceDate "2003.11.25"]
[SourceVersion "1"]
[SourceVersionDate "2003.11.25"]
[SourceQuality "1"]
[WhiteTeam "Stat PSC II"]
[BlackTeam "Heves"]
[WhiteTeamCountry "HUN"]
[BlackTeamCountry "HUN"]

1. e4 c5 2. Nf3 d6 3. d4 cxd4 4. Nxd4 Nf6 5. Nc3 g6 6. Bg5 Bg7 7. Qd2 0-0 8. Be2 Nc6 9. Nb3 a6 10. f4 Be6 11. 0-0 b5 12. f5 Bxb3 13. cxb3 b4 14. Bxf6 Bxf6 15. Nd5 Bg7 16. Rac1 Bd4+ 17. Kh1 Bc5 18. Qh6 Nd4 19. Bc4 gxf5 20. exf5 Qd7 21. f6 Qg4 22. fxe7 Qg7 23. exf8Q+ Rxf8 24. Ne7+ Kh8 25. Qxg7+ Kxg7 26. Nf5+ Nxf5 27. Rxf5 Bd4 28. Bxa6 Bxb2 29. Rc7 Kg6 30. Bd3 Kg7 31. Bc4 Re8 32. Rfxf7+ Kh8 33. Rxh7# 1-0

[Event "HUN-chT 9900"]
[Site "Hungary"]
[Date "2000.02.27"]
[Round "8"]
[White "Forgo, Eva"]
[Black "Waldmann, Ivan"]
[Result "1/2-1/2"]
[WhiteElo "2258"]
[BlackElo "2275"]
[PlyCount "38"]
[EventDate "1999.09.26"]
[EventType "team-tourn"]
[EventRounds "11"]
[EventCountry "HUN"]
[SourceTitle "EXT 2009"]
[Source "ChessBase"]
[SourceDate "2008.11.26"]
[SourceVersion "1"]
[SourceVersionDate "2008.11.26"]
[SourceQuality "1"]
[WhiteTeam "Csuti"]
[BlackTeam "Statisztika"]
[WhiteTeamCountry "HUN"]
[BlackTeamCountry "HUN"]

1. e4 c5 2. Nf3 e6 3. d4 cxd4 4. Nxd4 a6 5. Bd3 Nf6 6. Qe2 d6 7. c4 Qc7 8. Nc3 g6 9. Be3 Bg7 10. Rc1 0-0 11. b3 b6 12. 0-0 Bb7 13. Bb1 Nbd7 14. Rfd1 Rac8 15. f3 Qb8 16. Qd2 Rfe8 17. Nde2 Bf8 18. Bf4 Ne5 19. Kh1 Ba8 1/2-1/2

[Event "Oberwart op"]
[Site "Oberwart"]
[Date "2000.??.??"]
[Round "6"]
[White "Waldmann, Ivan"]
[Black "Arwanitakis, Michael"]
[Result "0-1"]
[WhiteElo "2275"]
[BlackElo "2148"]
[PlyCount "86"]
[EventDate "2000.??.??"]
[EventType "swiss"]
[EventRounds "9"]
[EventCountry "AUT"]
[SourceTitle "EXT 2001"]
[Source "ChessBase"]
[SourceDate "2000.11.22"]
[SourceVersion "1"]
[SourceVersionDate "2000.11.22"]
[SourceQuality "1"]

1. e4 c5 2. Nf3 d6 3. d4 cxd4 4. Nxd4 Nf6 5. Nc3 a6 6. Bc4 e6 7. Bb3 Nbd7 8. Be3 Nc5 9. Qf3 b5 10. 0-0-0 Bb7 11. Rhe1 Qa5 12. Qh3 Be7 13. f4 b4 14. Nb1 Nfxe4 15. Nd2 Rc8 16. Kb1 Nxd2+ 17. Bxd2 0-0 18. Nf5 Bf6 19. Nxd6 Nxb3 20. cxb3 Rc7 21. Nxb7 Rxb7 22. Qd3 Rd8 23. Qe2 Rbd7 24. Bc1 Qf5+ 25. Ka1 a5 26. g4 Qc5 27. g5 Bd4 28. Rf1 g6 29. h4 Rc8 30. h5 gxh5 31. Qxh5 Qc2 32. Qh1 Rdc7 33. Rfe1 Bf2 34. Rf1 Bd4 35. Rfe1 Bg7 36. Rf1 a4 37. bxa4 Qxa4 38. Qf3 Qc2 39. Qe3 Ra8 40. Rd3 Rac8 41. Rdd1 Ra8 42. Rd3 Qa4 43. a3 bxa3 0-1